[Event "Hessen-ch Gr-D 62nd"]
[Site "Hanau"]
[Date "2008.03.21"]
[Round "1"]
[White "Wuerker, Gert"]
[Black "Voellinger, Florian"]
[Result "1/2-1/2"]
[WhiteElo "1628"]
[BlackElo "1516"]
[PlyCount "68"]
[EventDate "2008.03.21"]
[EventType "swiss"]
[EventRounds "5"]
[EventCountry "GER"]
[SourceTitle "CBM 123 Extra"]
[Source "ChessBase"]
[SourceDate "2008.05.06"]
[SourceVersion "1"]
[SourceVersionDate "2008.05.06"]
[SourceQuality "1"]

1. Nf3 d5 2. c4 e6 3. b3 Nf6 4. g3 Nbd7 5. Bg2 Be7 6. 0-0 0-0 7. Bb2 b6 8. d3 Bb7 9. Re1 c5 10. e3 Re8 11. Nbd2 Rc8 12. e4 d4 13. e5 Ng4 14. h3 Nh6 15. Ne4 Qc7 16. Bc1 Nf5 17. g4 Nh4 18. Nxh4 Bxh4 19. Nd6 Bxg2 20. Kxg2 Nxe5 21. Nxe8 Qc6+ 22. Re4 Rxe8 23. Kg1 f6 24. Qe2 Nf7 25. Bd2 Ng5 26. Bxg5 Bxg5 27. Re1 Kf7 28. f4 Bh4 29. Rf1 Kg8 30. Qf3 Qd7 31. Kh1 a5 32. a4 h6 33. Qe2 Qc6 34. Qf3 Qd7 1/2-1/2

[Event "Hessen-ch qual-D"]
[Site "Erlensee"]
[Date "2007.04.06"]
[Round "2"]
[White "Wuerker, Gert"]
[Black "Struth, Juergen"]
[Result "1/2-1/2"]
[WhiteElo "1504"]
[BlackElo "1622"]
[PlyCount "40"]
[EventDate "2007.04.06"]
[EventType "swiss"]
[EventRounds "5"]
[EventCountry "GER"]
[SourceTitle "CBM 117 Extra"]
[Source "ChessBase"]
[SourceDate "2007.05.09"]
[SourceVersion "1"]
[SourceVersionDate "2007.05.09"]
[SourceQuality "1"]

1. Nf3 Nf6 2. c4 d5 3. b3 c6 4. Bb2 Bf5 5. g3 e6 6. Bg2 Be7 7. 0-0 0-0 8. Nh4 Bg4 9. h3 Bh5 10. g4 Nfd7 11. Nf3 Bg6 12. d3 h6 13. Nbd2 Re8 14. e4 Nc5 15. Ne5 Bh7 16. Qe2 Nbd7 17. f4 f6 18. Nef3 a5 19. Ne1 dxe4 20. dxe4 e5 1/2-1/2